00690nam a22001817a 4500003000900000008004100009040007100050082001700121100003200138245005100170260004500221300002600266505013500292650001600427650002200443650002000465650002300485AR-CdUCM190225b           ||||| |||| 00| 0 spa d  aMUNICIPALIDAD PROVINCIAL DEL CUSCOcBIBLIOTECA MUNICIPAL DEL CUSCO  a371.3 /bL66  aLimachi Qqueso, Julio Cesar  aPedagogía social :bFundamentos teóricos /  aCusco :bEditorial universitaria;c2017.  a117 paginas ;c20 cm.  aFuentes psicológicas y pedagógicas -- Lenguaje -- Cultura -- La teoria del conocimiento Marxista Leninista -- La adragogia ...  aPedagogía  aAspectos sociales  aSocialización  aAprendizaje social